Zawodnicy Realu Madryt - Numery - Statystyki

Ogólne statystyki
  • Ten quiz został rozwiązany 45 razy
  • Średni wynik to 16 z 28
Statystyki odpowiedzi
Numer Zawodnik % Poprawnych
10 Kylian Mbappe
92%
1 Thibaut Courtois
89%
7 Vinicius Jr
89%
8 Federico Valverde
86%
2 Daniel Carvajal
83%
22 Antonio Rudiger
81%
13 Andiy Lunin
78%
6 Eduardo Camavinga
78%
5 Jude Bellingham
75%
11 Goes Rodrygo
72%
4 David Alaba
69%
3 Eder Militao
69%
15 Arda Guler
67%
12 Trent Alexander Arnold
58%
23 Ferland Mendy
56%
16 Gonzalo Garcia
56%
20 Fran Garcia
53%
24 Dean Huijsen
50%
45 Tchiago Pitarch
50%
18 Alvaro Carreras
47%
30 Franco Mastantuono
47%
21 Brahim Diaz
44%
17 Raul Asencio
39%
19 Dani Ceballos
33%
26 Fran Gonzalez
14%
14 Aurelien Tchouchameni
0%
35 David Jimenez
0%
28 Jorge Cestero
0%
Nie znaleziono quizów pasujących do podanych kryteriów
Rozkład punktacji
Procent ludzi z każdym wynikiem
Percentyl według liczby udzielonych odpowiedzi
Twoja historia wyników
Nie rozwiązałeś tego quizu